000 00817cam a22001814a 4500
005 20250605163345.0
008 250528s ||||||||||||||||||||||||d
035 _a17540
020 _a194513580
040 _aGR-AtMCL
_bgre
_dGR-AtMCL
_eAACR2
245 1 _aReading and Thinking in English / Discourse in Action: Teacher's Edition
260 _bOxford University Press,
_c1980
300 _a158
520 _aA series of four books forming a course in reading comprehension for students of English as a foreign language. Authors, Readings and Thinking in English, Self-study Guide, Teacher's Guide, Introductory Unit, Exposition, Enquiry, Argument, Using a Textbook, Using a Sourcebook, Using a Range of Sources, Notes on the Units, Key, Acknowledgements.
942 _cBK
999 _c2947
_d2947